Development economics reading lists

Saved in:
Bibliographic Details
Other Authors: Tower, Edward (Compiler)
Format: Book
Language:English
Published: Durham, N.C. : Eno River Press, 1985
Subjects:
Tags: Add Tag
No Tags, Be the first to tag this record!

MARC

LEADER 00000nam a2200000 i 4500
001 1/9536
008 000817s1985 eng d
020 |a 0-88024-205-1 
035 |l 10063092 
040 |a GR-MY-UA  |b gre  |e aacr 
041 0 |a eng 
082 0 |a 338.9 
245 1 0 |a Development economics reading lists /  |c compiled by Edward Tower 
260 |a Durham, N.C. :   |b Eno River Press,   |c 1985 
300 |a 200 p. 
650 0 0 |a Development economics. 
650 0 0 |a Economic development  |x Examinations, questions, etc. 
650 0 0 |a Economic development  |x Problems, exercises, etc. 
700 1 |a Tower, Edward.  |4 com 
774 1 |t Economics reading lists, course outlines, exams, puzzles & problems 
852 |a INST  |b LESVOS  |e 20000817  |h 338.9 DEV  |p 005100023244  |q 005100023244  |t BK  |y 620  |z v.5 
852 |a INST  |b LESVOS  |e 20000817  |h 338.9 DEV  |p 005100023244  |q 005100023244  |t BK  |v v.5:  |y 620  |z v.5 
853 |a INST  |b LESVOS  |h 338.9 DEV 
901 |a BIBL1-2000-2 
909 |a Λ  |b 007446 
970 |z 2000/08/ELIDOC